000 00676nam a2200289Ia 4500
005 20260324133520.0
008 008 260324s9999 xx 000 0 eng d
020 _a9780203039892
037 _aEBOOK
040 _aCRL
040 _beng
040 _cCRL
041 _2eng
041 _aeng
084 _qCRL
100 _aW.M. Flinders Petrie
_91186566
245 0 _aSeventy Years In Archaeology
245 2 _bA Father in Egyptology
260 _bTaylor and Francis
260 _c2003
365 _a
365 _b420
856 _uhttp://www.taylorfrancis.com/books/9780203039892
942 _cEBOOK
999 _c1792494
_d1792494